[Event "Preferente Aragonesa 2024 - Grupo I"]
[Site "?"]
[Date "2024.02.03"]
[Round "2.45"]
[White "Luis Vitalla, Fernando"]
[Black "Montoro Mavilla, Sergio"]
[Result "0-1"]
[WhiteElo "2097"]
[BlackElo "1787"]
[PlyCount "56"]
[GameId "2166508118253739"]
[EventDate "2024.01.27"]
[WhiteTeam "Atletismo Huesca"]
[BlackTeam "Jaque - Aramovil B"]

1. d4 d5 2. Bf4 Nf6 3. e3 e6 4. Nf3 Bd6 5. Ne5 c5 6. Bb5+ Ke7 7. c3 a6 8. Bd3 Nc6 9. Nd2 Qc7 10. Ndf3 Ne4 11. Nxc6+ bxc6 12. Ne5 g5 13. Bg3 Nxg3 14. hxg3 Bxe5 15. dxe5 Qxe5 16. Rxh7 Rxh7 17. Bxh7 f5 18. Qh5 g4 19. O-O-O Bd7 20. e4 Qxe4 21. f3 Qe3+ 22. Kb1 Rb8 23. Rc1 d4 24. Qg6 d3 25. Qg7+ Kd6 26. c4 d2 27. Rd1 Qd3+ 28. Ka1 Qc2 0-1

[Event "Preferente Aragonesa 2024 - Grupo I"]
[Site "?"]
[Date "2024.02.03"]
[Round "2.46"]
[White "Torrente Gayarre, Lorenzo"]
[Black "Gella Lopez, Angel"]
[Result "1/2-1/2"]
[WhiteElo "1669"]
[BlackElo "1988"]
[PlyCount "60"]
[GameId "2166508118298796"]
[EventDate "2024.01.27"]
[WhiteTeam "Jaque - Aramovil B"]
[BlackTeam "Atletismo Huesca"]

1. d4 d5 2. Nf3 Nf6 3. g3 e6 4. Bg2 Be7 5. O-O O-O 6. c4 dxc4 7. Qa4 a6 8. Qxc4 b5 9. Qc2 Bb7 10. Nc3 b4 11. Na4 Be4 12. Qc4 Nbd7 13. Nc5 Nxc5 14. dxc5 a5 15. Bf4 Qd5 16. Qxd5 Nxd5 17. Ne5 Bxg2 18. Kxg2 Nxf4+ 19. gxf4 Rfe8 20. Rac1 Rad8 21. Nc6 Rd2 22. Rfd1 Rxd1 23. Nxe7+ Kf8 24. Ng6+ hxg6 25. Rxd1 e5 26. Rd7 exf4 27. Kf3 Re7 28. Rd8+ Re8 29. Rd7 Re7 30. Rd8+ Re8 1/2-1/2

[Event "Preferente Aragonesa 2024 - Grupo I"]
[Site "?"]
[Date "2024.02.03"]
[Round "2.47"]
[White "Gella Bitrian, Diego"]
[Black "Broto Izquierdo, Sixto"]
[Result "1-0"]
[WhiteElo "1978"]
[BlackElo "1560"]
[PlyCount "49"]
[GameId "2166508118347949"]
[EventDate "2024.01.27"]
[WhiteTeam "Atletismo Huesca"]
[BlackTeam "Jaque - Aramovil B"]

1. e4 e5 2. Bc4 Nf6 3. d3 c6 4. Nf3 Be7 5. O-O d6 6. h3 O-O 7. Re1 Nbd7 8. Nc3 b5 9. Bb3 Nc5 10. d4 exd4 11. Nxd4 Qc7 12. Qf3 Nfd7 13. Bf4 Ne5 14. Qg3 Nxb3 15. axb3 Bf6 16. Rad1 Re8 17. Rd2 Be7 18. Nd1 a6 19. Ne3 Ng6 20. Ndf5 Bxf5 21. Nxf5 Bf8 22. Bxd6 Qa5 23. b4 Qb6 24. Qc3 Bxd6 25. Qxg7# 1-0

[Event "Preferente Aragonesa 2024 - Grupo I"]
[Site "?"]
[Date "2024.02.03"]
[Round "2.48"]
[White "Abadias Banzo, Javier"]
[Black "Laplaza Ara, Carlos"]
[Result "1/2-1/2"]
[WhiteElo "1454"]
[BlackElo "1910"]
[PlyCount "134"]
[GameId "2166508118380718"]
[EventDate "2024.01.27"]
[WhiteTeam "Jaque - Aramovil B"]
[BlackTeam "Atletismo Huesca"]

1. b3 e5 2. Bb2 d6 3. e3 Nf6 4. Ne2 Be7 5. g3 Bg4 6. Bg2 c6 7. c4 Nbd7 8. Nbc3 O-O 9. O-O Re8 10. d4 Qc7 11. Qc2 Bh5 12. Rad1 Rad8 13. h3 Bg6 14. Qd2 h6 15. e4 Bf8 16. d5 cxd5 17. cxd5 Rc8 18. g4 Nc5 19. Ng3 Qe7 20. b4 Ncd7 21. Rc1 Nb6 22. Qe2 Qd7 23. Nd1 Rxc1 24. Bxc1 Qa4 25. a3 Rc8 26. Ne3 a5 27. bxa5 Qxa5 28. h4 Qa6 29. Qxa6 bxa6 30. Bd2 Nfd7 31. Rc1 Rxc1+ 32. Bxc1 Nc5 33. f3 f6 34. Bf1 Be8 35. Bd2 Bb5 36. Bxb5 axb5 37. h5 Nc4 38. Nxc4 bxc4 39. Kf1 Kf7 40. Ke2 Ke8 41. Kd1 Kd7 42. Kc2 Na4 43. Nf5 Kc7 44. Ne3 Nb6 45. Kc3 Be7 46. Nxc4 Nxc4 47. Kxc4 Kb6 48. a4 Bd8 49. f4 Ka6 50. fxe5 fxe5 51. Bb4 Be7 52. Kd3 Kb6 53. Ke3 Ka6 54. Kf3 Kb6 55. Kg3 Ka6 56. Kh3 Kb6 57. Be1 Kc5 58. Bh4 Bf6 59. a5 Kb5 60. Be1 Bd8 61. Bh4 Bg5 62. Be1 Ka6 63. Kg3 Kb5 64. Kf3 Ka6 65. Ke2 Kb5 66. Kd3 Bd8 67. Bd2 Bxa5 1/2-1/2

[Event "Preferente Aragonesa 2024 - Grupo I"]
[Site "?"]
[Date "2024.02.03"]
[Round "2.49"]
[White "Roman Gimeno, Javier"]
[Black "Llorente Zaro, Alfonso"]
[Result "0-1"]
[WhiteElo "1844"]
[BlackElo "2433"]
[PlyCount "80"]
[GameId "2166508118446255"]
[EventDate "2024.01.27"]
[WhiteTeam "Las Fuentes"]
[BlackTeam "Agrupacion A"]

1. d4 d6 2. Nf3 Nf6 3. c4 g6 4. Bf4 Bg7 5. e3 Nh5 6. Bg5 h6 7. Bh4 g5 8. Nfd2 gxh4 9. Qxh5 c5 10. Qxh4 Nc6 11. Nc3 cxd4 12. exd4 Bxd4 13. Be2 Bf5 14. Nb3 Be5 15. f4 Bf6 16. Qf2 a5 17. a4 Bc2 18. Bd1 Bxb3 19. Bxb3 Bd4 20. Qe2 Qb6 21. Nb5 O-O-O 22. O-O-O Bf6 23. Qe4 Kb8 24. Rhe1 h5 25. g3 Nb4 26. Qe3 Qxe3+ 27. Rxe3 Rc8 28. Kb1 Rc5 29. Nc3 Bxc3 30. Rxc3 Kc7 31. Re3 e6 32. Rc1 Kd7 33. Bd1 Rhc8 34. Rec3 Ke7 35. Bf3 b6 36. b3 d5 37. Rd1 dxc4 38. bxc4 Rxc4 39. Rxc4 Rxc4 40. Bxh5 Nd5 0-1

[Event "Preferente Aragonesa 2024 - Grupo I"]
[Site "?"]
[Date "2024.02.03"]
[Round "2.50"]
[White "Martin Moreno, Luis"]
[Black "Artal Alegria, Francisco Javier"]
[Result "1-0"]
[WhiteElo "2314"]
[BlackElo "1747"]
[PlyCount "91"]
[GameId "2166508118495408"]
[EventDate "2024.01.27"]
[WhiteTeam "Agrupacion A"]
[BlackTeam "Las Fuentes"]

1. e4 e5 2. Nf3 Qe7 3. Nc3 c6 4. d4 d6 5. Bg5 Nf6 6. Bc4 Bg4 7. dxe5 dxe5 8. h3 Bxf3 9. Qxf3 Nbd7 10. O-O-O Rd8 11. g4 Nc5 12. Rxd8+ Qxd8 13. Rd1 Bd6 14. Be3 Qe7 15. g5 Nfd7 16. Qxf7+ Qxf7 17. Bxf7+ Kxf7 18. Rxd6 Ke7 19. Rd1 Ne6 20. Ne2 Rf8 21. Ng3 g6 22. h4 Nf4 23. Rh1 Ng2 24. Kd2 Nxe3 25. Kxe3 Nc5 26. Ne2 Ne6 27. Rd1 Nf4 28. Nxf4 Rxf4 29. Rh1 Rg4 30. Kf3 Rf4+ 31. Ke3 Rg4 32. h5 Rxg5 33. hxg6 h5 34. f4 exf4+ 35. Kxf4 Kf6 36. g7 Rg4+ 37. Kf3 Kxg7 38. Rxh5 Rg1 39. Kf4 Rg2 40. Rg5+ Rxg5 41. Kxg5 Kf7 42. Kf5 Ke7 43. Ke5 b6 44. b4 a6 45. a4 b5 46. a5 1-0

[Event "Preferente Aragonesa 2024 - Grupo I"]
[Site "?"]
[Date "2024.02.03"]
[Round "2.51"]
[White "Manguez Cambra, Jose Luis"]
[Black "Remiro Juste, Fernando Jose"]
[Result "1/2-1/2"]
[WhiteElo "1726"]
[BlackElo "2221"]
[PlyCount "74"]
[GameId "2166508118548657"]
[EventDate "2024.01.27"]
[WhiteTeam "Las Fuentes"]
[BlackTeam "Agrupacion A"]

1. d4 g6 2. e4 Bg7 3. f4 d5 4. e5 h5 5. Nf3 Bg4 6. h3 Bxf3 7. Qxf3 e6 8. Bb5+ c6 9. Bd3 h4 10. Nd2 Nh6 11. Nb3 Nd7 12. Bd2 Bf8 13. O-O-O a5 14. a4 Bb4 15. g4 hxg3 16. Qxg3 Nf5 17. Bxf5 gxf5 18. h4 Rh5 19. Rdg1 Bf8 20. Qg8 Rxh4 21. Nxa5 Rxh1 22. Rxh1 Qb6 23. Rh7 O-O-O 24. Nb3 Qa6 25. Kb1 Qf1+ 26. Ka2 Bb4 27. Qxf7 Bxd2 28. Nxd2 Qe2 29. Nb3 Qxc2 30. Qxe6 Qc4 31. Ka3 b5 32. axb5 Qxb5 33. Nc5 Qa5+ 34. Kb3 Qb5+ 35. Ka3 Qa5+ 36. Kb3 Qb5+ 37. Ka2 Qa5+ 1/2-1/2

[Event "Preferente Aragonesa 2024 - Grupo I"]
[Site "?"]
[Date "2024.02.03"]
[Round "2.52"]
[White "Roque Sola, Gisela"]
[Black "Edeso Perez, Francisco"]
[Result "1-0"]
[WhiteElo "2069"]
[BlackElo "1669"]
[PlyCount "109"]
[GameId "2166508118577330"]
[EventDate "2024.01.27"]
[WhiteTeam "Agrupacion A"]
[BlackTeam "Las Fuentes"]

1. c4 c5 2. Nc3 Nc6 3. Nf3 Nf6 4. g3 d6 5. Bg2 Bd7 6. a3 e6 7. O-O Be7 8. Ne1 Rb8 9. Nc2 O-O 10. b4 b6 11. d3 Ne5 12. f4 Ng6 13. e4 Qc8 14. Ne3 b5 15. Nxb5 Bxb5 16. cxb5 cxb4 17. axb4 Rxb5 18. Bd2 Qc7 19. Qa4 Rfb8 20. Qxa7 R5b7 21. Qa5 Qd7 22. e5 Rb5 23. Qa7 dxe5 24. Qxd7 Nxd7 25. Bc6 exf4 26. gxf4 Ndf8 27. Bxb5 Rxb5 28. Ra4 Bf6 29. Ng2 Ne7 30. Rc1 Nd5 31. Kf1 g6 32. Ke2 Kg7 33. Kf3 Be7 34. Rb1 Nd7 35. Ne3 N5f6 36. Bc3 Rb7 37. Rb2 Kh6 38. Ra5 Bd8 39. Ra1 Nb6 40. Bxf6 Bxf6 41. Ng4+ Kg7 42. Nxf6 Kxf6 43. b5 Nd5 44. Rc1 h5 45. Rc6 Ne7 46. Rc5 Nd5 47. Ke4 Ne7 48. b6 Nd5 49. Rxd5 exd5+ 50. Kxd5 Kf5 51. Kc6 Rb8 52. Kc7 Re8 53. b7 Kxf4 54. Rf2+ Ke3 55. Rxf7 1-0

[Event "Preferente Aragonesa 2024 - Grupo II"]
[Site "?"]
[Date "2024.02.03"]
[Round "2.53"]
[White "Cabrera Moreno, Daniel"]
[Black "Muro Guerrero, Miguel"]
[Result "1-0"]
[WhiteElo "2157"]
[BlackElo "2055"]
[PlyCount "67"]
[GameId "2166508118692019"]
[EventDate "2024.01.27"]
[WhiteTeam "Tauste"]
[BlackTeam "Dr. Azua"]

1. d4 d5 2. Nf3 Nf6 3. e3 e6 4. Bd3 c5 5. b3 Bd6 6. Bb2 Nbd7 7. Nbd2 O-O 8. Ne5 b6 9. O-O Bb7 10. f4 Ne4 11. Nxe4 dxe4 12. Bc4 Nf6 13. Qe1 a5 14. Rd1 Qe7 15. Qg3 Bxe5 16. dxe5 Nd5 17. f5 Rfd8 18. f6 Qf8 19. Bxd5 Rxd5 20. Rxd5 Bxd5 21. c4 Bc6 22. Rd1 g6 23. Rd6 Rc8 24. Qf4 h6 25. h3 Kh7 26. Qf2 b5 27. cxb5 Bxb5 28. a4 Bd3 29. Qd2 c4 30. bxc4 Rxc4 31. Qxa5 Qe8 32. Rd8 Rxa4 33. Qc7 Rc4 34. Qb8 1-0

[Event "Preferente Aragonesa 2024 - Grupo II"]
[Site "?"]
[Date "2024.02.03"]
[Round "2.54"]
[White "Garcia Garcia, Enrique"]
[Black "Carbonel Sanchez, Andres"]
[Result "0-1"]
[WhiteElo "1842"]
[BlackElo "1970"]
[PlyCount "72"]
[GameId "2166508118728884"]
[EventDate "2024.01.27"]
[WhiteTeam "Dr. Azua"]
[BlackTeam "Tauste"]

1. Nf3 d5 2. d4 Nf6 3. c4 c6 4. Nc3 e6 5. Bg5 Nbd7 6. e3 Qa5 7. Nd2 Bb4 8. Qc2 O-O 9. Bf4 c5 10. Bd6 Rd8 11. cxd5 exd5 12. Nb3 Qb6 13. dxc5 Nxc5 14. Bxc5 Bxc5 15. O-O-O Bb4 16. Na4 Qe6 17. Nd4 Qe7 18. Bd3 Bg4 19. Nf5 Qe5 20. f4 Qe8 21. Rdf1 Rac8 22. Nc3 Bxc3 23. bxc3 Bxf5 24. Bxf5 Qxe3+ 25. Kb2 Rc6 26. Rf3 Qc5 27. g4 g6 28. g5 Ne8 29. Bg4 Nd6 30. f5 d4 31. fxg6 hxg6 32. Rd1 dxc3+ 33. Rxc3 Qb4+ 34. Qb3 Qxg4 35. Kc2 Rxc3+ 36. Kxc3 Ne4+ 0-1

[Event "Preferente Aragonesa 2024 - Grupo II"]
[Site "?"]
[Date "2024.02.03"]
[Round "2.55"]
[White "Muro Turon, Raul"]
[Black "Cajo Esteban, Ruben"]
[Result "1-0"]
[WhiteElo "1785"]
[BlackElo "1815"]
[PlyCount "41"]
[GameId "2166508118773941"]
[EventDate "2024.01.27"]
[WhiteTeam "Tauste"]
[BlackTeam "Dr. Azua"]

1. e4 e5 2. d4 Nc6 3. Nf3 exd4 4. Bc4 Be7 5. c3 d3 6. Qb3 Na5 7. Bxf7+ Kf8 8. Qa4 c6 9. Bxg8 Kxg8 10. Qd4 d6 11. b4 Bf6 12. Qxd3 Be6 13. bxa5 Qxa5 14. O-O Rd8 15. Be3 g5 16. Bd4 Bxd4 17. Nxd4 Bc8 18. Nf5 Bxf5 19. exf5 Kf7 20. Nd2 Kf6 21. Ne4+ 1-0

[Event "Preferente Aragonesa 2024 - Grupo II"]
[Site "?"]
[Date "2024.02.03"]
[Round "2.56"]
[White "Casas Castillero, Jose Antonio"]
[Black "Solanas Esteban, Hector"]
[Result "0-1"]
[WhiteElo "1690"]
[BlackElo "1703"]
[PlyCount "87"]
[GameId "2166508118818998"]
[EventDate "2024.01.27"]
[WhiteTeam "Dr. Azua"]
[BlackTeam "Tauste"]

1. d4 d5 2. c4 c6 3. Nf3 Nf6 4. e3 e6 5. Nc3 Be7 6. a3 a5 7. c5 O-O 8. Bd3 b6 9. cxb6 Ba6 10. Na4 Bxd3 11. Qxd3 Nbd7 12. Bd2 Nxb6 13. Qc2 Nxa4 14. Qxa4 c5 15. dxc5 Bxc5 16. Rc1 Ne4 17. O-O Qb6 18. Rb1 Rfb8 19. Qc2 Qb3 20. Qc1 Rc8 21. Qe1 a4 22. Nd4 Bxd4 23. exd4 Nxd2 24. Qxd2 Rc2 25. Qb4 Qxb4 26. axb4 Rb8 27. Rfc1 Rxc1+ 28. Rxc1 g6 29. Rc2 Rxb4 30. Kf1 Rxd4 31. Ke2 Kg7 32. Rc3 Rb4 33. Rc2 Rb3 34. Kd2 Kf6 35. Kc1 a3 36. bxa3 Rxa3 37. Kd2 h5 38. Rc7 Ra2+ 39. Ke3 d4+ 40. Kf3 e5 41. g3 g5 42. h3 g4+ 43. hxg4 hxg4+ 44. Kg2 0-1

[Event "Preferente Aragonesa 2024 - Grupo II"]
[Site "?"]
[Date "2024.02.03"]
[Round "2.57"]
[White "Gomez Calomarde, Saul"]
[Black "Larrosa Poves, Jose Manuel"]
[Result "1-0"]
[WhiteElo "2031"]
[BlackElo "1876"]
[PlyCount "95"]
[GameId "2166508118872247"]
[EventDate "2024.01.27"]
[WhiteTeam "Teruel B"]
[BlackTeam "Agrupacion B"]

1. c4 f5 2. Nc3 Nf6 3. g3 e6 4. Bg2 d5 5. d4 c6 6. Bg5 Nbd7 7. c5 e5 8. e3 h6 9. Bxf6 Qxf6 10. f4 e4 11. Nh3 b6 12. cxb6 Nxb6 13. Bf1 Be7 14. Be2 O-O 15. Rc1 a5 16. O-O Bd7 17. Na4 Nxa4 18. Qxa4 Rfb8 19. Qc2 Rb6 20. Nf2 Rab8 21. b3 a4 22. Rb1 axb3 23. Rxb3 Rxb3 24. axb3 Qd6 25. Ra1 Qb4 26. Ra7 Rb7 27. Ra4 Qb6 28. Kg2 Qc7 29. Ra8+ Rb8 30. Rxb8+ Qxb8 31. Nd1 g5 32. Bh5 Qb4 33. Nc3 Kf8 34. h3 Bc8 35. Nxd5 Qe1 36. Nxe7 Kxe7 37. Be2 gxf4 38. exf4 e3 39. Bc4 Qd2+ 40. Qxd2 exd2 41. Be2 Ba6 42. Kf2 Bxe2 43. Kxe2 Kd6 44. Kxd2 Kd5 45. Kd3 h5 46. h4 c5 47. dxc5 Kxc5 48. b4+ 1-0

[Event "Preferente Aragonesa 2024 - Grupo II"]
[Site "?"]
[Date "2024.02.03"]
[Round "2.58"]
[White "Palasi Mainar, Miguel Angel"]
[Black "Romo Ramirez, Antonio"]
[Result "0-1"]
[WhiteElo "1814"]
[BlackElo "2015"]
[PlyCount "98"]
[GameId "2166508118913208"]
[EventDate "2024.01.27"]
[WhiteTeam "Agrupacion B"]
[BlackTeam "Teruel B"]

1. e4 g6 2. d4 Bg7 3. Nc3 c6 4. Nf3 d6 5. h3 Nf6 6. a4 a5 7. Be2 O-O 8. O-O Nbd7 9. e5 Ne8 10. Re1 Qc7 11. e6 fxe6 12. Ng5 Nb6 13. Bg4 h6 14. Bxe6+ Kh8 15. Bxc8 Qxc8 16. Ne6 Rf7 17. Qd3 Kh7 18. Nxg7 Kxg7 19. Qe3 g5 20. h4 Nc4 21. Qg3 g4 22. b3 Nb6 23. Qe3 Qf5 24. Qxh6+ Kg8 25. Re2 Ng7 26. Ne4 Nd5 27. Bd2 Raf8 28. c4 Nb4 29. Bxb4 axb4 30. Qd2 Ne6 31. g3 Qg6 32. Rf1 Qg7 33. Rd1 Rf3 34. Ng5 Nxg5 35. Qxg5 Qxg5 36. hxg5 R8f7 37. Rb1 Kg7 38. Rbb2 Kg6 39. Re4 Kxg5 40. c5 Kf5 41. Rbe2 Rxb3 42. Rf4+ Kg6 43. Rxg4+ Kf6 44. a5 Rf3 45. Rge4 b3 46. cxd6 exd6 47. Re6+ Kg7 48. R6e3 c5 49. dxc5 dxc5 0-1

[Event "Preferente Aragonesa 2024 - Grupo II"]
[Site "?"]
[Date "2024.02.03"]
[Round "2.59"]
[White "Romo Blasco, Adrian"]
[Black "Guerra Perez, Rafael"]
[Result "1-0"]
[WhiteElo "1961"]
[BlackElo "1803"]
[PlyCount "69"]
[GameId "2166508118958265"]
[EventDate "2024.01.27"]
[WhiteTeam "Teruel B"]
[BlackTeam "Agrupacion B"]

1. d4 e6 2. c4 d5 3. cxd5 exd5 4. Nc3 Be7 5. Nf3 Nf6 6. Bg5 O-O 7. e3 Nbd7 8. Bd3 b6 9. O-O Bb7 10. Rc1 a6 11. Ne5 h6 12. Bh4 Re8 13. f4 c5 14. Qf3 Nf8 15. Bf2 Ne6 16. Rcd1 b5 17. g4 b4 18. Ne2 Ne4 19. Be1 cxd4 20. exd4 Qb6 21. Bb1 Rad8 22. h4 Nf8 23. g5 f6 24. Ng4 hxg5 25. hxg5 fxg5 26. f5 Bf6 27. Kg2 a5 28. Rh1 Qb5 29. Bg3 Qd7 30. Ne5 Bxe5 31. Bxe5 Bc8 32. Ng3 Nxg3 33. Kxg3 Qf7 34. Rh5 Nh7 35. Rdh1 1-0

[Event "Preferente Aragonesa 2024 - Grupo II"]
[Site "?"]
[Date "2024.02.03"]
[Round "2.60"]
[White "Casasnovas Sanchez, Raul"]
[Black "Pache Marconell, Juan"]
[Result "1-0"]
[WhiteElo "1604"]
[BlackElo "1807"]
[PlyCount "135"]
[GameId "2166508119011514"]
[EventDate "2024.01.27"]
[WhiteTeam "Agrupacion B"]
[BlackTeam "Teruel B"]

1. e4 c5 2. d4 cxd4 3. c3 d3 4. Bxd3 Nc6 5. c4 g6 6. Nf3 Bg7 7. O-O d6 8. h3 Nf6 9. Nc3 O-O 10. Be3 b6 11. Qe2 Ba6 12. Rac1 Nd7 13. Rfd1 Nde5 14. Nxe5 Nxe5 15. b3 Nxd3 16. Qxd3 Bb7 17. Bd4 Bh6 18. Be3 Bg7 19. Nd5 Qd7 20. c5 bxc5 21. Bxc5 Bxd5 22. Qxd5 Qb5 23. Be3 Qa6 24. Rc2 h5 25. Rdc1 Bf6 26. a4 Rab8 27. Rc7 Qe2 28. Rxa7 Qb2 29. Rb7 e6 30. Qb5 Rxb7 31. Qxb7 Bd4 32. Re1 Qc3 33. Re2 Qd3 34. Rd2 Qb1+ 35. Kh2 Bc3 36. Re2 Qd1 37. Qb5 Rc8 38. Ra2 Qb1 39. Qe2 Qxe4 40. g3 d5 41. Bg5 Qxe2 42. Rxe2 Rb8 43. Ra2 f6 44. Bc1 Rxb3 45. a5 Rb7 46. a6 Ra7 47. Ra4 d4 48. Ra2 Kf7 49. Kg2 Ke7 50. Ba3+ Kd7 51. Bc5 Ra8 52. Ra4 e5 53. Kf3 Ke6 54. a7 Kd5 55. Be7 f5 56. Ke2 e4 57. Bd8 d3+ 58. Kd1 Bd4 59. Bc7 Rxa7 (59... Bxf2) 60. Rxd4+ Kxd4 61. Bb6+ Kd5 62. Bxa7 h4 63. Kd2 g5 64. Bb6 f4 (64... g4) 65. gxh4 e3+ 66. fxe3 f3 67. Kxd3 Kc6 68. h5 1-0

[Event "Preferente Aragonesa 2024 - Grupo II"]
[Site "?"]
[Date "2024.02.03"]
[Round "2.61"]
[White "Sanchez Castro, Roberto"]
[Black "Ruiz Fernandez, Daniel"]
[Result "0-1"]
[WhiteElo "1916"]
[BlackElo "2031"]
[PlyCount "92"]
[GameId "2166508119130299"]
[EventDate "2024.01.27"]
[WhiteTeam "Iberajedrez Mundo 64 B"]
[BlackTeam "MyInvestor Casablanca C"]

1. d4 d5 2. Nf3 Nf6 3. e3 g6 4. Bd3 Bg7 5. Nbd2 c5 6. c3 Qc7 7. dxc5 Qxc5 8. e4 O-O 9. O-O dxe4 10. Nxe4 Nxe4 11. Bxe4 Nc6 12. Be3 Qh5 13. Nd2 Qxd1 14. Rfxd1 Bf5 15. Bxf5 gxf5 16. Nb3 Rfd8 17. f3 b5 18. a3 e6 19. Kf2 Ne5 20. Bd4 Nc4 21. Bxg7 Kxg7 22. Rxd8 Rxd8 23. Rb1 e5 24. Ke1 Kf6 25. Nc1 Ne3 26. g3 Rd1+ 27. Ke2 f4 28. gxf4 exf4 29. Ra1 Rh1 30. a4 bxa4 31. Kd3 Kf5 32. Nb3 Rxa1 33. Nxa1 Ke5 34. Nc2 Nd1 35. Kc4 Nxb2+ 36. Kb4 Kd5 37. Kb5 a6+ 38. Kb4 Nd3+ 39. Kxa4 Kc4 40. Nd4 Kxc3 41. Nc6 Kd2 42. Kb3 Ke3 43. Kc3 Ne1 44. Ne5 Nxf3 45. Nc4+ Ke2 46. h3 Ng5 0-1

[Event "Preferente Aragonesa 2024 - Grupo II"]
[Site "?"]
[Date "2024.02.03"]
[Round "2.62"]
[White "Cebollada Pacheco, Jesus Raul"]
[Black "Carela Ferrer, Francisco Javier"]
[Result "1/2-1/2"]
[WhiteElo "1997"]
[BlackElo "1861"]
[PlyCount "44"]
[GameId "2166508119175356"]
[EventDate "2024.01.27"]
[WhiteTeam "MyInvestor Casablanca C"]
[BlackTeam "Iberajedrez Mundo 64 B"]

1. e4 c5 2. Nf3 g6 3. c4 Nc6 4. d4 cxd4 5. Nxd4 Nf6 6. Nc3 d6 7. Be2 Nxd4 8. Qxd4 Bg7 9. Be3 O-O 10. Qd2 a5 11. O-O a4 12. f3 Be6 13. Nb5 Nd7 14. Rab1 Qa5 15. Qxa5 Rxa5 16. Rfc1 Nc5 17. Bd2 Rxb5 18. cxb5 Bxa2 19. Ra1 Be6 20. Rab1 Ba2 21. Ra1 Be6 22. Rab1 Ba2 1/2-1/2

[Event "Preferente Aragonesa 2024 - Grupo II"]
[Site "?"]
[Date "2024.02.03"]
[Round "2.63"]
[White "Barranco Castillo, Jose Antonio"]
[Black "Jaime Galeano, Alcher"]
[Result "0-1"]
[WhiteElo "1653"]
[BlackElo "1787"]
[PlyCount "130"]
[GameId "2166508119224509"]
[EventDate "2024.01.27"]
[WhiteTeam "Iberajedrez Mundo 64 B"]
[BlackTeam "MyInvestor Casablanca C"]

1. c4 e6 2. g3 d5 3. Bg2 Nf6 4. Nf3 Bd6 5. O-O O-O 6. d4 h6 7. Qc2 Nc6 8. a3 dxc4 9. e4 e5 10. dxe5 Nxe5 11. Nxe5 Bxe5 12. Rd1 Qe7 13. Nd2 Bg4 14. Re1 b5 15. h3 Bc8 16. Nf3 Nd7 17. Be3 a5 18. Rad1 c6 19. Nh4 Nc5 20. f4 Bf6 21. Nf3 Nd3 22. e5 Nxe1 23. Rxe1 Re8 24. Qf2 Bb7 25. Bc5 Qd8 26. exf6 Qxf6 27. Ne5 Qe6 28. Bf3 f6 29. Bg4 Qd5 30. Bf3 Qe6 31. f5 Qc8 32. Ng6 Kf7 33. Bh5 Rxe1+ 34. Qxe1 Qxf5 35. Qe7+ Kg8 36. Nf4 Qb1+ 37. Kg2 Qxb2+ 38. Kf3 Qb3+ 39. Kf2 Qb2+ 40. Be2 Qe5 41. Ne6 Qf5+ 42. Kg1 Qg6 43. Bg4 Ba6 44. Nf4 Qe8 45. Be6+ Kh7 46. Bf5+ Kg8 47. Be6+ Kh7 48. Qd6 Rd8 49. Bf5+ Kg8 50. Be6+ Kh7 51. Qc7 Bc8 52. Bxc8 Rxc8 53. Qxa5 Qe4 54. Qd2 Re8 55. Kf2 Qf5 56. Qd6 g5 57. Qxc6 gxf4 58. Qxe8 Qxc5+ 59. Kf1 Qg5 60. Qd7+ Qg7 61. Qxb5 Qxg3 62. Qf5+ Kg7 63. a4 f3 64. Qg4+ Qxg4 65. hxg4 c3 0-1

[Event "Preferente Aragonesa 2024 - Grupo II"]
[Site "?"]
[Date "2024.02.03"]
[Round "2.64"]
[White "Alvarez Gonzalo, Miguel Angel"]
[Black "Fuentes Garces, Pedro Jon"]
[Result "1/2-1/2"]
[WhiteElo "1728"]
[BlackElo "1633"]
[PlyCount "57"]
[GameId "2166508119265470"]
[EventDate "2024.01.27"]
[WhiteTeam "MyInvestor Casablanca C"]
[BlackTeam "Iberajedrez Mundo 64 B"]

1. c4 c5 2. g3 Nc6 3. Bg2 g6 4. Nf3 Bg7 5. O-O e6 6. Nc3 Nge7 7. d3 O-O 8. e4 Rb8 9. a3 a6 10. Bf4 e5 11. Bg5 h6 12. Bd2 d6 13. h3 Kh7 14. Nd5 Nxd5 15. cxd5 Ne7 16. Rb1 Bd7 17. b4 b6 18. Bc3 f5 19. Nd2 f4 20. gxf4 Rxf4 21. bxc5 bxc5 22. Nc4 Rxb1 23. Qxb1 Nc8 24. Bd2 Rh4 25. Kh2 Rxh3+ 26. Kg1 Qh4 27. Bxh3 Bxh3 28. Qd1 Bg4 29. f3 1/2-1/2

[Event "Preferente Aragonesa 2024 - Grupo II"]
[Site "?"]
[Date "2024.02.03"]
[Round "2.65"]
[White "Ramo Frontinan, Cristobal"]
[Black "Asensio Asensio, Nicolas"]
[Result "1/2-1/2"]
[WhiteElo "2310"]
[BlackElo "2028"]
[PlyCount "70"]
[GameId "2166508119310527"]
[EventDate "2024.01.27"]
[WhiteTeam "Maristas"]
[BlackTeam "Aulazenter"]

1. Nf3 Nf6 2. g3 e6 3. Bg2 d5 4. O-O Be7 5. d3 O-O 6. Nbd2 b5 7. e4 b4 8. Qe2 c5 9. Ne5 Bb7 10. exd5 Bxd5 11. Ndc4 Bxg2 12. Kxg2 Qd5+ 13. Qf3 Nfd7 14. Re1 Qxf3+ 15. Kxf3 Nxe5+ 16. Nxe5 f6 17. Nc4 Nc6 18. c3 Kf7 19. Be3 Rfd8 20. Ke2 Rab8 21. Kd2 a5 22. a3 Rd5 23. Red1 g5 24. h3 h5 25. Ke2 f5 26. axb4 axb4 27. Ra6 Ne5 28. Nxe5+ Rxe5 29. f4 gxf4 30. gxf4 Rd5 31. c4 Rd7 32. Rc6 Rg8 33. Rg1 Rgd8 34. Rd1 Rg8 35. Rg1 Rgd8 1/2-1/2

[Event "Preferente Aragonesa 2024 - Grupo II"]
[Site "?"]
[Date "2024.02.03"]
[Round "2.66"]
[White "Conon, Catalin"]
[Black "Neila Castillo, Miguel Angel"]
[Result "1-0"]
[WhiteElo "1893"]
[BlackElo "2140"]
[PlyCount "55"]
[GameId "2166508119351488"]
[EventDate "2024.01.27"]
[WhiteTeam "Aulazenter"]
[BlackTeam "Maristas"]

1. e4 Nc6 2. Nf3 d5 3. exd5 Qxd5 4. d4 Bg4 5. Be2 O-O-O 6. Be3 Nf6 7. c4 Qh5 8. Nbd2 e6 9. h3 Bb4 10. O-O Bxd2 11. hxg4 Nxg4 12. Qxd2 e5 13. d5 e4 14. Bf4 exf3 15. Bxf3 Qf5 16. Bxg4 Qxg4 17. Rfe1 f6 18. Qe3 Nb8 19. Bxc7 Rde8 20. Qf4 Qxf4 21. Bxf4 Rxe1+ 22. Rxe1 Kd7 23. b4 Rc8 24. c5 Na6 25. a3 Re8 26. c6+ bxc6 27. dxc6+ Kd8 28. c7+ 1-0

[Event "Preferente Aragonesa 2024 - Grupo II"]
[Site "?"]
[Date "2024.02.03"]
[Round "2.67"]
[White "Naya Sancho, Jose Ignacio"]
[Black "Iravedra Ainkov, Francisco"]
[Result "1/2-1/2"]
[WhiteElo "2102"]
[BlackElo "1861"]
[PlyCount "112"]
[GameId "2166508119384257"]
[EventDate "2024.01.27"]
[WhiteTeam "Maristas"]
[BlackTeam "Aulazenter"]

1. Nf3 Nf6 2. d4 d6 3. g3 g6 4. Bg2 Bg7 5. O-O O-O 6. a4 Nc6 7. Nc3 e5 8. e4 Bg4 9. d5 Nd4 10. Qd3 Nxf3+ 11. Bxf3 Bxf3 12. Qxf3 Nd7 13. Qe2 f5 14. f3 f4 15. g4 h5 16. h3 hxg4 17. hxg4 Kf7 18. Rf2 Rh8 19. Rh2 Qg5 20. Bd2 Nf6 21. Be1 Rxh2 22. Qxh2 Rh8 23. Qg2 Nh7 24. Kf1 Qh6 25. Ke2 Ng5 26. Bf2 a6 27. a5 Qh3 28. Rg1 Qxg2 29. Rxg2 Rh3 30. Ba7 Rxf3 31. Rh2 Rg3 32. Bb8 Nh3 33. Rh1 f3+ 34. Kf1 Nf4 35. Kf2 Rg2+ 36. Kxf3 Rxc2 37. Bxc7 Rxb2 38. Rb1 Rxb1 39. Nxb1 Ke7 40. g5 Kd7 41. Bb8 Bf8 42. Nd2 Kc8 43. Ba7 Be7 44. Kg4 Bd8 45. Nc4 Bc7 46. Kf3 Nd3 47. Be3 Ne1+ 48. Ke2 Nc2 49. Bd2 Na1 50. Bb4 Kd7 51. Kf3 Nb3 52. Kg4 Nd4 53. Bc3 Nb5 54. Bb4 Na7 55. Be1 Nc8 56. Bf2 Ne7 1/2-1/2